La histeria / (Record no. 177769)

MARC details
000 -LEADER
campo de control de longitud fija 00757nam a22002295i 4500
001 - NÚMERO DE CONTROL
campo de control 177769
003 - IDENTIFICADOR DE NÚMERO DE CONTROL
campo de control ES-MaACL
005 - FECHA Y HORA DE LA ÚLTIMA TRANSACCIÓN
campo de control 20230906220417.0
008 - DATOS DE LONGITUD FIJA--INFORMACIÓN GENERAL
campo de control de longitud fija 110420s1928 sp |||| | spa d
080 ## - NÚMERO DE LA CLASIFICACIÓN DECIMAL UNIVERSAL
Número de la Clasificación Decimal Universal 616.891.2
100 1# - ENTRADA PRINCIPAL--NOMBRE DE PERSONA
Nombre de persona Kretschmer, Ernst (
Fechas asociadas al nombre 1888-1964)
9 (RLIN) 171966
245 13 - MENCIÓN DEL TÍTULO
Título La histeria /
Mención de responsabilidad, etc. Ernst Kretschmer ; traducción del alemán por José M. Sacristán.
250 ## - MENCION DE EDICION
Mención de edición 2ª ed. alemana.
260 ## - PUBLICACIÓN, DISTRIBUCIÓN, ETC.
Lugar de publicación, distribución, etc. Madrid :
Nombre del editor, distribuidor, etc. Revista de Occidente,
Fecha de publicación, distribución, etc. 1928.
300 ## - DESCRIPCIÓN FÍSICA
Extensión 211 p. ;
Dimensiones 18 cm.
490 1# - MENCIÓN DE SERIE
Mención de serie Nuevos hechos, nuevas ideas ;
Designación de volumen o secuencia 24
650 04 - PUNTO DE ACCESO ADICIONAL DE MATERIA--TÉRMINO DE MATERIA
Término de materia o nombre geográfico como elemento de entrada Histeria.
9 (RLIN) 13371
700 1# - ENTRADA AGREGADA--NOMBRE PERSONAL
Nombre de persona Sacristán, José María.
9 (RLIN) 101267
830 1# - PUNTO DE ACCESO ADICIONAL DE SERIE-TÍTULO UNIFORME
Título uniforme Nuevos hechos, nuevas ideas ;
Designación de volumen o secuencia 24
9 (RLIN) 184426
852 ## - LOCALIZACIÓN
Ubicación ES-MaACL
Número de control de estantería E-14974
Encuadernación Olim P-209
Holdings
Estatus retirado Estado de pérdida Estado de daño No para préstamo Biblioteca de origen Biblioteca actual Ubicación en estantería Fecha de adquisición Fuente de adquisición Total de préstamos Signatura topográfica completa Código de barras Visto por última vez Precio de reemplazo Tipo de ítem Koha
        Biblioteca del Ateneo de Madrid Biblioteca del Ateneo de Madrid Depósito 2 20/04/2011     E-14974 1186751 23/02/2023 23/02/2023 Libro impreso